ইমাম খোমেনীর রাজনৈতিক চিন্তাধারা ও অধ্যাত্মবাদ / (Record no. 80209)
[ view plain ]
| 000 -LEADER | |
|---|---|
| fixed length control field | 01482nam a2200277 a 4500 |
| 001 - CONTROL NUMBER | |
| RUCL Control Number | 80209 |
| 003 - CONTROL NUMBER IDENTIFIER | |
| rucl marc code | BD-RjUL |
| 005 - DATE AND TIME OF LATEST TRANSACTION | |
| control field | 20230118113456.0 |
| 008 - FIXED-LENGTH DATA ELEMENTS--GENERAL INFORMATION | |
| fixed length control field | 220821s2011 bg ||||| m||| 00| 0 ben d |
| 035 ## - SYSTEM CONTROL NUMBER | |
| system control number | (BD-RjUL)80209 |
| 040 ## - CATALOGING SOURCE | |
| Original cataloging agency | BD-RjUL |
| Language of cataloging | ben / eng |
| Transcribing agency | BD-RjUL |
| Modifying agency | BD-RjUL |
| 041 ## - LANGUAGE CODE | |
| Language code of Book | ben |
| 082 ## - DEWEY DECIMAL CLASSIFICATION NUMBER | |
| Classification number | 955.0542 |
| Author mark and Year | HUE 2011 |
| DDC Edition number | 23 |
| 100 ## - MAIN ENTRY--PERSONAL NAME | |
| Personal name | হোসেন, মো. জাকির |
| 9 (RLIN) | 4415 |
| 245 01 - TITLE STATEMENT | |
| Title | ইমাম খোমেনীর রাজনৈতিক চিন্তাধারা ও অধ্যাত্মবাদ / |
| Statement of responsibility, etc | মো. জাকির হোসেন ; |
| Name of Supervisor/Co-Supervisor | সুপারভাইজার : মো. কামাল উদ্দিন |
| 260 ## - PUBLICATION, DISTRIBUTION, ETC. (IMPRINT) | |
| Place of publication, distribution, etc | রাজশাহী : |
| Name of publisher, distributor, etc | ভাষা বিভাগ, রাজশাহী বিশ্ববিদ্যালয়, |
| Date of publication, distribution, etc | ২০১১ |
| 300 ## - PHYSICAL DESCRIPTION | |
| Pagination | viii,২৫৩ পাতা ; |
| Dimensions | ২৯ সেমি. |
| 502 ## - DISSERTATION NOTE | |
| Dissertation note | থিসিস (পিএইচ. ডি.) -- ভাষা বিভাগ, রাজশাহী বিশ্ববিদ্যালয়, ২০১১ |
| 504 ## - BIBLIOGRAPHY, ETC. NOTE | |
| Bibliography, etc | গ্রন্থপঞ্জি : পাতা ২৪১-২৫৩ |
| 600 ## - SUBJECT ADDED ENTRY--PERSONAL NAME | |
| Personal name | Khomini, Imam |
| -- | 6625 |
| Personal name | খোমেনী, ইমাম |
| -- | 6626 |
| 650 ## - SUBJECT ADDED ENTRY--TOPICAL TERM | |
| Topical term or geographic name as entry element | রাজনৈতিক চিন্তাধারা |
| 9 (RLIN) | 4416 |
| Geographic subdivision | ইরান |
| Topical term or geographic name as entry element | Political thought |
| 9 (RLIN) | 4417 |
| Geographic subdivision | Iran |
| 700 ## - ADDED ENTRY--SUPERVISOR/CO-SUPERVISOR NAME | |
| Personal name | উদ্দিন, মো. কামাল, সুপারভাইজার |
| 9 (RLIN) | 4418 |
| 942 ## - ADDED ENTRY ELEMENTS (KOHA) | |
| Source of classification or shelving scheme | Dewey Decimal Classification |
| Koha item type | Theses |
| Source of classification or shelving scheme | Damaged status | Not for loan | Collection code | Permanent Location | Current Location | Shelving location | Date of accession | Source of acquisition | Total Checkouts | Full call number | Barcode | Date last seen | Copy number | Thesis |
|---|---|---|---|---|---|---|---|---|---|---|---|---|---|---|
| Dewey Decimal Classification | Not For Loan | Theses | Central Library, University of Rajshahi | Central Library, University of Rajshahi | Documentation Section | 12/11/2012 | Controller of Exam. R.U | BTHE 955.0542 HUE 2011 | D3393 | 21/08/2022 | C-1 | Theses |